Využitie RTK GPS pre drony

Saved in:
Bibliographic Details
Main Author: Hrúz, Viktor (Author)
Other Authors: Rodina, Jozef (Thesis advisor)
Format: Manuscript Book
Language:Slovak
Published: Bratislava : STU v Bratislave FEI, 2023
Subjects:
Online Access:https://opac.crzp.sk/?fn=detailBiblioFormChildC7I1Q&sid=08878EB2E7E37CD09F9175C0752B&seo=CRZP-detail-kniha
Tags: Add Tag
No Tags, Be the first to tag this record!

MARC

LEADER 00000ntm a22000003a 4500
001 stuzp92210
003 SK-STU
005 20241120125136.1
007 ta
008 150427s2015----xo-----f-mn---000-0-slo-d
040 |a STU  |b slo 
041 0 |a slo 
044 |a xo 
100 1 |a Hrúz, Viktor  |u 031000  |4 aut  |U FEI Fakulta elektrotechniky a informatiky  |T FEI Ústav robotiky a kybernetiky  |X 111112  |U E011  |Y 356  |7 111112 
242 0 1 |a Use of RTK GPS for Drones  |y eng 
245 1 0 |a Využitie RTK GPS pre drony 
260 |a Bratislava :  |b STU v Bratislave FEI,  |c 2023 
300 |a 60 s. 
650 4 |a GNSS  |2 slo 
650 4 |a rover  |2 slo 
650 4 |a dron  |2 slo 
650 4 |a prieskum  |2 slo 
650 4 |a RTCM  |2 slo 
650 4 |a presnosť  |2 slo 
650 4 |a Kinematické polohovanie v reálnom čase  |2 slo 
650 4 |a RTK  |2 slo 
650 4 |a GPS  |2 slo 
650 4 |a DGPS  |2 slo 
650 4 |a základňová stanica  |2 slo 
650 4 |a UAV  |2 slo 
650 4 |a satelitné korekcie  |2 slo 
650 4 |a RTK  |2 eng 
650 4 |a GPS  |2 eng 
650 4 |a GNSS  |2 eng 
650 4 |a Real-time kinematic positioning  |2 eng 
650 4 |a DGPS  |2 eng 
650 4 |a drone  |2 eng 
650 4 |a RTCM  |2 eng 
650 4 |a rover  |2 eng 
650 4 |a accuracy  |2 eng 
650 4 |a UAV  |2 eng 
650 4 |a satellite corrections  |2 eng 
650 4 |a survey  |2 eng 
650 4 |a base station  |2 eng 
700 1 |a Rodina, Jozef  |u 031000  |k Z1  |4 ths  |U FEI Fakulta elektrotechniky a informatiky  |T FEI Ústav robotiky a kybernetiky  |X 11924  |U E011  |Y 356  |7 A000011924 
856 4 |u https://opac.crzp.sk/?fn=detailBiblioFormChildC7I1Q&sid=08878EB2E7E37CD09F9175C0752B&seo=CRZP-detail-kniha